000 00302nam a22001337a 4500
008 181217b xxu||||| |||| 00| 0 eng d
020 _a2740350373611
041 _aeng
080 _a721
100 _a45
101 _aNDE
245 _aVisualizing Environmental Science
_cBerg.R
942 _2udc
_cBK
999 _c53286
_d53286